MARC details
| 000 -LEADER |
| fixed length control field |
02422cam a2200577 i 4500 |
| 001 - CONTROL NUMBER |
| control field |
on1196073975 |
| 003 - CONTROL NUMBER IDENTIFIER |
| control field |
OCoLC |
| 005 - DATE AND TIME OF LATEST TRANSACTION |
| control field |
20220803135910.0 |
| 008 - FIXED-LENGTH DATA ELEMENTS--GENERAL INFORMATION |
| fixed length control field |
200917s2020 enka c 000 1 eng d |
| 020 ## - INTERNATIONAL STANDARD BOOK NUMBER |
| International Standard Book Number |
9781912626878 |
| Qualifying information |
(paperback) |
| 020 ## - INTERNATIONAL STANDARD BOOK NUMBER |
| International Standard Book Number |
191262687X |
| Qualifying information |
(paperback) |
| 029 0# - (OCLC) |
| OCLC library identifier |
AU@ |
| System control number |
000067935213 |
| 029 1# - (OCLC) |
| OCLC library identifier |
AU@ |
| System control number |
000068141691 |
| 035 ## - SYSTEM CONTROL NUMBER |
| System control number |
(OCoLC)1196073975 |
| 040 ## - CATALOGING SOURCE |
| Original cataloging agency |
AU@ |
| Language of cataloging |
eng |
| Description conventions |
rda |
| Transcribing agency |
AU@ |
| Modifying agency |
OCLCF |
| -- |
OCLCO |
| -- |
NZAUC |
| -- |
OCLCO |
| -- |
IC1 |
| -- |
WACOL |
| 049 ## - LOCAL HOLDINGS (OCLC) |
| Holding library |
WACL |
| 082 04 - DEWEY DECIMAL CLASSIFICATION NUMBER |
| Classification number |
[Fic] |
| Edition number |
23 |
| 092 ## - LOCALLY ASSIGNED DEWEY CALL NUMBER (OCLC) |
| Classification number |
junior fiction |
| Item number |
Read |
| 100 1# - MAIN ENTRY--PERSONAL NAME |
| Personal name |
Read, Benjamin |
| Titles and other words associated with a name |
(Children's story writer), |
| Relator term |
author. |
| 9 (RLIN) |
6360943 |
| 245 14 - TITLE STATEMENT |
| Title |
The midnight howl / |
| Statement of responsibility, etc |
Benjamin Read & Laura Trinder. |
| 264 #1 - Production, Publication, Distribution, Manufacture, and Copyright Notice. |
| Place of production, publication, distribution, manufacture |
Somerset : |
| Name of producer, publisher, distributor, manufacturer |
Chicken House, |
| Date of production, publication, distribution, manufacture, or copyr |
2020. |
| 300 ## - PHYSICAL DESCRIPTION |
| Extent |
284 pages : |
| Other physical details |
illustrations ; |
| Dimensions |
20 cm. |
| 336 ## - Content Type |
| Content type term |
text |
| 336 ## - Content Type |
| Content type term |
still image |
| 337 ## - Media type |
| Media type term |
unmediated |
| 338 ## - Carrier type |
| Carrier type term |
volume |
| 490 0# - SERIES STATEMENT |
| Series statement |
The midnight hour ; |
| Volume number/sequential designation |
book 2 |
| 520 ## - SUMMARY, ETC. |
| Summary, etc |
Emily needs to work out why magic is leaking from the Midnight Hour -- but her shape-shifting Pooka relatives and a terrifying haunting aren't making things easy, not to mention the fact that she's supposed to be grounded. Officer-in-training Tarkus and pet hedgehog Hoggins are on hand to help -- but if they can't work out what's going wrong, it will be the end of the midnight world ... |
| 521 1# - TARGET AUDIENCE NOTE |
| Target audience note |
Ages 8-11. |
| 521 ## - TARGET AUDIENCE NOTE |
| Target audience note |
junior fiction |
| Source |
amazon |
| 650 #0 - SUBJECT ADDED ENTRY--TOPICAL TERM |
| Topical term or geographic name as entry element |
Magic |
| Form subdivision |
Juvenile fiction. |
| 9 (RLIN) |
5673690 |
| 650 #0 - SUBJECT ADDED ENTRY--TOPICAL TERM |
| Topical term or geographic name as entry element |
Families |
| Form subdivision |
Juvenile fiction. |
| 9 (RLIN) |
5674031 |
| 650 #0 - SUBJECT ADDED ENTRY--TOPICAL TERM |
| Topical term or geographic name as entry element |
Shapeshifting |
| Form subdivision |
Juvenile fiction. |
| 650 #0 - SUBJECT ADDED ENTRY--TOPICAL TERM |
| Topical term or geographic name as entry element |
Friendship |
| Form subdivision |
Juvenile fiction. |
| 9 (RLIN) |
5673647 |
| 650 #0 - SUBJECT ADDED ENTRY--TOPICAL TERM |
| Topical term or geographic name as entry element |
Multiverse |
| Form subdivision |
Juvenile fiction. |
| 9 (RLIN) |
6360944 |
| 650 #0 - SUBJECT ADDED ENTRY--TOPICAL TERM |
| Topical term or geographic name as entry element |
Hedgehogs |
| Form subdivision |
Juvenile fiction. |
| 9 (RLIN) |
5699903 |
| 650 #6 - SUBJECT ADDED ENTRY--TOPICAL TERM |
| Topical term or geographic name as entry element |
Familles |
| Form subdivision |
Romans, nouvelles, etc. pour la jeunesse. |
| 9 (RLIN) |
6446952 |
| 650 #6 - SUBJECT ADDED ENTRY--TOPICAL TERM |
| Topical term or geographic name as entry element |
M�etamorphose |
| Form subdivision |
Romans, nouvelles, etc. pour la jeunesse. |
| 9 (RLIN) |
6452698 |
| 650 #6 - SUBJECT ADDED ENTRY--TOPICAL TERM |
| Topical term or geographic name as entry element |
Amiti�e |
| Form subdivision |
Romans, nouvelles, etc. pour la jeunesse. |
| 9 (RLIN) |
6449225 |
| 650 #7 - SUBJECT ADDED ENTRY--TOPICAL TERM |
| Topical term or geographic name as entry element |
Families. |
| Source of heading or term |
fast |
| 650 #7 - SUBJECT ADDED ENTRY--TOPICAL TERM |
| Topical term or geographic name as entry element |
Friendship. |
| Source of heading or term |
fast |
| 650 #7 - SUBJECT ADDED ENTRY--TOPICAL TERM |
| Topical term or geographic name as entry element |
Magic. |
| Source of heading or term |
fast |
| 650 #7 - SUBJECT ADDED ENTRY--TOPICAL TERM |
| Topical term or geographic name as entry element |
Shapeshifting. |
| Source of heading or term |
fast |
| 655 #0 - INDEX TERM--GENRE/FORM |
| Genre/form data or focus term |
Children's stories. |
| 655 #7 - INDEX TERM--GENRE/FORM |
| Genre/form data or focus term |
Fantasy fiction. |
| Source of term |
fast |
| 655 #7 - INDEX TERM--GENRE/FORM |
| Genre/form data or focus term |
Fiction. |
| Source of term |
fast |
| 9 (RLIN) |
5673940 |
| 655 #7 - INDEX TERM--GENRE/FORM |
| Genre/form data or focus term |
Juvenile works. |
| Source of term |
fast |
| 9 (RLIN) |
5673941 |
| 655 #7 - INDEX TERM--GENRE/FORM |
| Genre/form data or focus term |
Fantasy fiction. |
| Source of term |
lcgft |
| 700 1# - ADDED ENTRY--PERSONAL NAME |
| Personal name |
Trinder, Laura, |
| Relator term |
illustrator. |
| 9 (RLIN) |
6360945 |
| 942 ## - ADDED ENTRY ELEMENTS (KOHA) |
| Source of classification or shelving scheme |
Dewey Decimal Classification |
| Koha item type |
BOOK |